Barcelona skład 21/22 - Statystyki

Ogólne statystyki
  • Ten quiz został rozwiązany 499 razy
    428 od ostatniego zresetowania
  • Średni wynik to 18 z 30
Statystyki odpowiedzi
Pozycja Zawodnik % Poprawnych
Bramkarz Ter Stegen
98%
Pomocnik Pedri
83%
Pomocnik Gavi
82%
Obrońca Pique
82%
Pomocnik De Jong
79%
Napastnik De Jong
79%
Obrońca Alba
78%
Obrońca Araujo
77%
Pomocnik Busquets
71%
Bramkarz Neto
68%
Napastnik Depay
67%
Napastnik Dembele
66%
Napastnik Aubameyang
64%
Napastnik Fati
64%
Napastnik Torres
63%
Obrońca Lenglet
60%
Obrońca Umtiti
59%
Obrońca Dest
57%
Pomocnik Roberto
52%
Obrońca Alves
51%
Obrońca Balde
51%
Obrońca Garcia
51%
Napastnik Traore
47%
Obrońca Mingueza
45%
Pomocnik Puig
38%
Napastnik Braithwaite
37%
Pomocnik Gonzalez
31%
Napastnik Abde
22%
Napastnik Jutgla
22%
Obrońca Wague
15%
Nie znaleziono quizów pasujących do podanych kryteriów
Rozkład punktacji
Procent ludzi z każdym wynikiem
Percentyl według liczby udzielonych odpowiedzi
Twoja historia wyników
Nie rozwiązałeś tego quizu od ostatniego zresetowania